Learning batik / (Record no. 86779)

MARC details
000 -LEADER
fixed length control field 00913nam a22002657a 4500
005 - DATE AND TIME OF LATEST TRANSACTION
control field 20170501105636.0
010 ## - LCCN (DPL NO)
LC control number B-528034-037 ENG-110459
020 ## - INTERNATIONAL STANDARD BOOK NUMBER
International Standard Book Number 9789381617229
Terms of availability 695.00
035 ## - SYSTEM CONTROL NUMBER
System control number EN-93991
035 ## - SYSTEM CONTROL NUMBER
System control number B-528034-037
035 ## - SYSTEM CONTROL NUMBER
System control number B-667557
037 ## - SOURCE OF ACQUISITION
Source of stock number/acquisition DBAD/PUB
037 ## - SOURCE OF ACQUISITION
Source of stock number/acquisition KBD/Ven
Stock number dpl
037 ## - SOURCE OF ACQUISITION
Source of stock number/acquisition DBAD/PUB
082 ## - DEWEY DECIMAL CLASSIFICATION NUMBER
Classification number 746.6
245 00 - TITLE STATEMENT
Title Learning batik /
Statement of responsibility, etc edited by Vinay Pathak
260 ## - PUBLICATION, DISTRIBUTION, ETC. (IMPRINT)
Place of publication, distribution, etc New Delhi
Name of publisher, distributor, etc Bio-Green Books
Date of publication, distribution, etc 2012
270 ## - ADDRESS
Address 4760-61/23, Ansari Road, Darya Ganj
City New Delhi
Postal code 110002
300 ## - PHYSICAL DESCRIPTION
Extent vi,192p.:
Dimensions 22cm(pbk)
Other physical details ill.
500 ## - GENERAL NOTE
General note Includes index
700 ## - ADDED ENTRY--PERSONAL NAME
Personal name Pathak,Vinay
942 ## - ADDED ENTRY ELEMENTS (KOHA)
Source of classification or shelving scheme Dewey Decimal Classification
Item type English Books
Call number suffix LEA
Classification part 746.6
Holdings
Withdrawn status Lost status Not for loan Collection code Home library Current library Date acquired Source of acquisition Cost, normal purchase price Full call number Barcode Copy number Cost, replacement price Koha item type
      Non-fiction Ashok Vihar Ashok Vihar 01/05/2017 BPPD/EN/2013-14/AV/16-17/355/15.2.2017/BL17/24.2.2017/ 17.3.2017 695.00 746.6 LEA B-667557 1 695.00 English Books
      Non-fiction Bawana Bawana 01/08/2014 KBD/BL64/24.10.2013/07/10.10.2013/29.10.2013 695.00 746.6 PAT B-528036 1 695.00 English Books
    Not For Loan Non-fiction D.B.Act.Division D.B.Act.Division 10/07/2014 DBAD/PUB 695.00 746.6 LEA EN-93991 1 695.00 English Books
      Non-fiction Janak Puri Janak Puri 01/08/2014 KBD/BL64/24.10.2013/07/10.10.2013/29.10.2013 695.00 746.6 PAT B-528037 1 695.00 English Books
      Non-fiction Kasturba Gandhi Marg Kasturba Gandhi Marg 01/08/2014 KBD/BL64/24.10.2013/07/10.10.2013/29.10.2013 695.00 746.6 PAT B-528035 1 695.00 English Books
      Non-fiction Patel Nagar Patel Nagar 01/08/2014 KBD/BL64/24.10.2013/07/10.10.2013/29.10.2013 695.00 746.6 PAT B-528034 1 695.00 English Books

© Delhi Public Library
Hit Counter
free hit counter